| 000 | 00512nam a22001817a 4500 | ||
|---|---|---|---|
| 999 |
_c145073 _d145073 |
||
| 005 | 20230320164232.0 | ||
| 010 | _aENG-120464 | ||
| 020 |
_a9788188012688 _c200.00 |
||
| 035 | _aEN-103996 | ||
| 037 | _bDBAD/PUB | ||
| 082 | _a881 | ||
| 100 | _aDasgupta,Sushil Kumar | ||
| 245 |
_aPoems and literary essays / _cby Sushil Kumar Dasgupta |
||
| 260 |
_aKolkata _bPoets Foundation _c2012 |
||
| 270 |
_b8/20,Fern Road _aKolkata _e700019 |
||
| 300 |
_a80p. _c22cm(Hb) |
||
| 942 |
_2ddc _cEN _h881 _mDAS |
||